<?xml version="1.0" encoding="UTF-8"?><collection xmlns="info:lc/xmlns/marcxchange-v2"><record format="Unimarc" type="bibliographic"><leader>00529nam  2200181   450 </leader><controlfield tag="001">2373117</controlfield><controlfield tag="003">http://id.bnportugal.gov.pt/bib/porbase/2373117</controlfield><datafield ind1=" " ind2=" " tag="010"><subfield code="a">1-56396-500-3</subfield></datafield><datafield ind1=" " ind2=" " tag="035"><subfield code="a">ipmrd002.iso/01-04-2011/2404</subfield></datafield><datafield ind1=" " ind2=" " tag="035"><subfield code="a">IPMI20100713160524</subfield></datafield><datafield ind1=" " ind2=" " tag="100"><subfield code="a">20100713d1996    k  y0porb0103    ba</subfield></datafield><datafield ind1="0" ind2=" " tag="101"><subfield code="a">eng</subfield></datafield><datafield ind1=" " ind2=" " tag="102"><subfield code="a">US</subfield></datafield><datafield ind1="1" ind2=" " tag="200"><subfield code="a">At Home in the universe</subfield><subfield code="f">John Archibald Wheeler</subfield></datafield><datafield ind1=" " ind2=" " tag="210"><subfield code="a">American</subfield><subfield code="c">American Institute of Physics</subfield><subfield code="d">1996</subfield></datafield><datafield ind1=" " ind2=" " tag="215"><subfield code="a">371 p.</subfield></datafield><datafield ind1=" " ind2=" " tag="675"><subfield code="a">52</subfield><subfield code="v">BN</subfield><subfield code="z">por</subfield></datafield><datafield ind1=" " ind2="1" tag="700"><subfield code="a">Wheeler</subfield><subfield code="b">John Archibald</subfield></datafield><datafield ind1=" " ind2="0" tag="801"><subfield code="a">PT</subfield><subfield code="b">IPMRD</subfield><subfield code="g">RPC</subfield></datafield></record></collection>